| 000 | 00660nam a2200181 i 4500 | ||
|---|---|---|---|
| 001 | 141258 | ||
| 003 | ES-MaACL | ||
| 005 | 20240511063037.0 | ||
| 007 | t| | ||
| 008 | 070920s1925 sp ||||1| spa d | ||
| 100 | 1 |
_aVillar Grangel, Domingo, _d1882-1933 _9115090 |
|
| 245 | 1 | 3 |
_aLa vida municipal _b: conferencia pronunciada en la Universidad de San Fernando de La Laguna (Canarias) el día 10 de Abril de 1925 / _cpor Domingo Villar Grangel. |
| 260 |
_aSanta Cruz de Tenerife : _b[s.n.], _c1925 ( _fA. Romero) |
||
| 300 |
_a27 p. ; _c19 cm. |
||
| 650 | 1 | 4 |
_aMunicipios- _zEspaña. _915357 |
| 852 |
_aES-MaACL _j1690-F-1 |
||
| 999 |
_c141258 _d141258 |
||